| 000 | 01128nam a22003137a 4500 | ||
|---|---|---|---|
| 005 | 20240530110624.0 | ||
| 008 | 161231s2015 ua a g b 000 0 ara d | ||
| 017 |
_a2014/19992 _bمصر. دار الكتب |
||
| 020 | _a9789777352222 | ||
| 040 |
_aEG-CaGPL _cEG-CaGPL |
||
| 082 | 0 | 4 |
_221 _a214.5\ _bخ ح |
| 100 | 0 | _aخالد حربى . | |
| 245 | 1 | 0 |
_aحضارة منهوبة : _bسلب الغرب علوم الاسلام / _cخالد حربى . |
| 250 | _aط.1 | ||
| 260 |
_aالاسكندرية : _bدار الوفاء لدنيا الطباعة و النشر ، _c2015 . |
||
| 300 |
_a249 ص ؛ _c24 سم . |
||
| 650 | 0 | 7 |
_2qrmak _aالاسلام و الحضارة . |
| 650 | 0 | 7 |
_2qrmak _aالاسلام و العلم . |
| 650 | 0 | 7 |
_2qrmak _aحجر رشيد |
| 650 | 0 | 7 |
_2qrmak _aعلوم الرياضيات _xالعرب |
| 650 | 0 | 7 |
_2qrmak _aعلم الفلك |
| 650 | 0 | 7 |
_2qrmak _aعلم الجغرافيا |
| 650 | 0 | 7 |
_2qrmak _aالطب |
| 650 | 0 | 7 |
_2qrmak _aالفيزياء |
| 650 | 0 | 7 |
_2qrmak _aعلم الاجتماع |
| 651 | _2qrmak | ||
| 942 |
_2ddc _cBK |
||
| 999 |
_c63111 _d63111 |
||